Los sueños de mi padre : (Record no. 178890)

MARC details
000 -LEADER
campo de control de longitud fija 01443nam a2200361 i 4500
001 - NÚMERO DE CONTROL
campo de control 178890
003 - IDENTIFICADOR DE NÚMERO DE CONTROL
campo de control ES-MaACL
005 - FECHA Y HORA DE LA ÚLTIMA TRANSACCIÓN
campo de control 20250722063155.0
008 - DATOS DE LONGITUD FIJA--INFORMACIÓN GENERAL
campo de control de longitud fija 110728s2008 sp |||| |bspa d
017 ## - NÚMERO DE COPYRIGHT O DE DEPÓSITO LEGAL
Número de copyright o de depósito legal GR 1832-2008
Agencia que asigna Oficina Depósito Legal Granada
020 ## - NÚMERO INTERNACIONAL ESTÁNDAR DEL LIBRO
Número Internacional Estándar del Libro 9788493668501
040 ## - FUENTE DE CATALOGACIÓN
Centro catalogador/agencia de origen SpMaBN
Lengua de catalogación spa
Centro/agencia transcriptor SpMaBN
Normas de descripción rdc
080 ## - NÚMERO DE LA CLASIFICACIÓN DECIMAL UNIVERSAL
Número de la Clasificación Decimal Universal 929 Obama, Barack
080 ## - NÚMERO DE LA CLASIFICACIÓN DECIMAL UNIVERSAL
Número de la Clasificación Decimal Universal 316.647.82-054(73)
080 ## - NÚMERO DE LA CLASIFICACIÓN DECIMAL UNIVERSAL
Número de la Clasificación Decimal Universal 316.47(73)
100 1# - ENTRADA PRINCIPAL--NOMBRE DE PERSONA
Nombre de persona Obama, Barack,
9 (RLIN) 241357
Fechas asociadas al nombre 1961-
Término indicativo de función/relación Autor
240 ## - TÍTULO UNIFORME
Título uniforme Dreams of my Father
245 14 - MENCIÓN DEL TÍTULO
Título Los sueños de mi padre :
Resto del título una historia de raza y herencia /
Mención de responsabilidad, etc. Barack Obama ; traducción, Fernando Miranda y Evaristo Páez Rasmussen.
260 ## - PUBLICACIÓN, DISTRIBUCIÓN, ETC.
Lugar de publicación, distribución, etc. Granada :
Nombre del editor, distribuidor, etc. Almed,
Fecha de publicación, distribución, etc. [2008]
300 ## - DESCRIPCIÓN FÍSICA
Extensión XIX, 405 páginas ;
Dimensiones 24 cm.
600 17 - PUNTO DE ACCESO ADICIONAL DE MATERIA--NOMBRE DE PERSONA
Nombre de persona Obama, Barack,
9 (RLIN) 241357
Fuente del encabezamiento o término embne
Fechas asociadas al nombre 1961-
650 #7 - PUNTO DE ACCESO ADICIONAL DE MATERIA--TÉRMINO DE MATERIA
Término de materia o nombre geográfico como elemento de entrada Racismo-
Subdivisión geográfica Estados Unidos
9 (RLIN) 147462
650 #7 - PUNTO DE ACCESO ADICIONAL DE MATERIA--TÉRMINO DE MATERIA
Término de materia o nombre geográfico como elemento de entrada Discriminación racial-
Subdivisión geográfica Estados Unidos
9 (RLIN) 147463
700 1# - ENTRADA AGREGADA--NOMBRE PERSONAL
Nombre de persona Miranda, Fernando
9 (RLIN) 147464
Término indicativo de función/relación Traductor
700 1# - ENTRADA AGREGADA--NOMBRE PERSONAL
Nombre de persona Páez Rasmussen, Evaristo
9 (RLIN) 147465
Término indicativo de función/relación Traductor
852 ## - LOCALIZACIÓN
Ubicación ES-MaACL
Número de control de estantería A-11386
itemnumber 185756
Sublocalización o colección R.145892
Ubicación en estantería Depósito 1
Signatura antigua Olim: N-4390
852 ## - LOCALIZACIÓN
Ubicación ES-MaACL
itemnumber 204453
Ubicación en estantería Depósito J
Donativo/Legado Donación: José Lázaro García
Encuadernación Encuadernación rústica
Número de control de estantería N-10152
903 ## - NOMBRE PERSONAL DE DONANTE
9 234219
a Lázaro García, José
e Donante
942 ## - ELEMENTOS DE ENTRADA SECUNDARIOS (KOHA)
Tipo de ítem Koha Libro impreso
Suprimir en OPAC No
Holdings
Estatus retirado Estado de pérdida Fuente del sistema de clasificación o colocación Estado de daño No para préstamo Biblioteca de origen Biblioteca actual Ubicación en estantería Fecha de adquisición Fuente de adquisición Total de préstamos Signatura topográfica completa Código de barras Visto por última vez Precio de reemplazo Tipo de ítem Koha
    Clasificación decimal universal     Biblioteca del Ateneo de Madrid Biblioteca del Ateneo de Madrid Depósito 1 28/07/2011 Compra   A-11386 1187910 23/02/2023 23/02/2023 Libro impreso
    Clasificación decimal universal     Biblioteca del Ateneo de Madrid Biblioteca del Ateneo de Madrid Depósito J 08/11/2024 Donación   N-10152 2025-0665 08/11/2024 08/11/2024 Libro impreso